000 00766nam a22002177a 4500
999 _c9078
_d9078
003 AR-CdUCM
008 190327b ||||| |||| 00| 0 spa d
020 _a978-85-98140-07-0
040 _aMUNICIPALIDAD PROVINCIAL DEL CUSCO
_cBIBLIOTECA MUNICIPAL DEL CUSCO
082 _a591 /
_bP91
110 _aPrefeitura do municipio de Sao Paulo /
_925063
245 _aFauna Silvestre :
_bQue sao e onde vivem os animais na metropole paulistiana /
260 _aSao Paulo :
_c2007.
300 _a350 paginas ;
_bIlustraciones,gráficos,
_c23 cm.
505 _aContenido :Fauna silvestre /
650 _aFauna
_925064
650 _aLiteratura brasilera
_913828
710 _aSecretaria municipal do verde e do meio ambiente
_925065
942 _2ddc
_cLIBROS
945 _arjall